[Event "17th Caspian Cup-Masters 2019"]
[Site "Anzali"]
[Date "2019.02.17"]
[Round "7.11"]
[White "Khoshkalam, Seyed Mehrab"]
[Black "Moradi, Behrooz"]
[Result "1/2-1/2"]
[WhiteElo "2263"]
[BlackElo "2178"]
[Annotator "NA RC"]
[PlyCount "145"]
[EventDate "2019.02.12"]
[EventType "swiss"]
[EventRounds "9"]
[EventCountry "IRI"]
[SourceTitle "playchess.com"]
[Source "ChessBase"]
[SourceQuality "1"]
[TimeControl "5400+30"]

1. Nf3 e6 {[%emt 0:04:38]} 2. g3 {[%emt 0:00:21]} d5 {[%emt 0:00:48]} 3. Bg2 {[%emt 0:00:10]} c5 {[%emt 0:00:17]} 4. O-O {[%emt 0:00:14]} Nc6 {[%emt 0:00:11]} 5. d3 {[%emt 0:01:57]} Bd6 {[%emt 0:01:06]} 6. Nbd2 {[%emt 0:00:45]} Nge7 {[%emt 0:00:12]} 7. e4 {[%emt 0:00:54]} O-O {[%emt 0:00:15]} 8. Re1 {[%emt 0:00:09]} Qc7 {[%emt 0:00:26]} 9. c3 {[%emt 0:01:41]} Bd7 {[%emt 0:02:02]} 10. Nf1 {[%emt 0:04:50] A08: King's Indian Attack} (10. Qe2 f6 11. Nb3 Rad8 12. exd5 Nxd5 13. d4 b6 14. c4 Nde7 15. dxc5 bxc5 16. Be3 Na5 17. Nxa5 Qxa5 18. Rad1 Bc8 19. Nd2 Nf5 20. Nb3 Qxa2 21. Nxc5 Nxe3 22. Qxe3 Qxc4 23. Nxe6 Bxe6 {½-½ (23) Rasik,V (2452)-Svoboda,S (2453) Olomouc 2016}) 10... b5 {[%emt 0:05:43]} 11. h4 $146 {[%emt 0:11:05]} ({Predecessor:} 11. Bd2 a5 12. Nh4 b4 13. f4 f6 14. Ne3 bxc3 15. bxc3 d4 16. Nc4 e5 17. f5 Nc8 {0-1 (72) Oliveira,F (2080)-Matsuura,F (2327) Curitiba 2016}) 11... f6 {[%emt 0:07:24]} 12. exd5 {[%emt 0:01:01]} exd5 {[%emt 0:00:24]} 13. d4 {[%emt 0:00:16]} c4 {[%emt 0:03:17]} 14. Ne3 {[%emt 0:00:34]} Be8 {[%emt 0:00:44]} 15. b3 {[%emt 0:10:31]} Bf7 {[%emt 0:02:22]} 16. bxc4 {[%emt 0:03:51]} bxc4 {[%emt 0:00:28]} 17. Qa4 {[%emt 0:00:14]} Qa5 {[%emt 0:02:00]} ({Black should play} 17... h6 $11) 18. Qxa5 {[%emt 0:00:49]} Nxa5 {[%emt 0:00:09]} 19. Nc2 {[%emt 0:00:50]} (19. h5 $14) 19... Rab8 {[%emt 0:03:05]} 20. Ba3 {[%emt 0:02:46]} Bxa3 {[%emt 0:06:56]} 21. Nxa3 {[%emt 0:00:59]} Nc8 {[%emt 0:05:30]} 22. Rab1 {[%emt 0:05:16]} Nb6 {[%emt 0:01:35]} 23. Rb5 {[%emt 0:00:34]} Nb7 {[%emt 0:10:27]} 24. Nd2 {[%emt 0:05:05]} Rfd8 {[%emt 0:11:27]} 25. Re7 {[%emt 0:09:35]} Nd6 {[%emt 0:09:50]} 26. Ra5 {[%emt 0:02:04]} Nbc8 {[%emt 0:02:28]} 27. Re2 {[%emt 0:01:37]} Nb7 {[%emt 0:03:30]} 28. Ra6 {[%emt 0:00:52]} Rd6 {[%emt 0:00:45]} 29. Ra4 {[%emt 0:02:00]} a5 {[%emt 0:01:06]} 30. Nb5 {[%emt 0:04:44]} Rd8 {[%emt 0:02:30]} 31. Ra3 {[%emt 0:01:29]} Kf8 {[%emt 0:00:37]} 32. Nc7 {[%emt 0:01:04]} Rd7 {[%emt 0:01:39]} 33. Nb5 {[%emt 0:07:08] [#]} Re7 $1 {[%emt 0:03:31]} 34. Re3 {[%emt 0:00:45]} (34. Rxe7 $17 {is the only way for White.} Kxe7 35. Nc7) 34... Nb6 {[%emt 0:01:20]} 35. Nf1 {[%emt 0:03:07]} Be8 {[%emt 0:02:31]} 36. Rxe7 {[%emt 0:00:37]} Kxe7 {[%emt 0:00:05]} 37. Nc7 {[%emt 0:00:03]} Kd6 {[%emt 0:00:52]} 38. Nxe8+ {[%emt 0:00:16]} Rxe8 {[%emt 0:00:05]} 39. Ne3 {[%emt 0:00:03]} g6 {[%emt 0:01:01]} 40. Bxd5 {[%emt 0:01:11]} Nxd5 {[%emt 0:00:44]} 41. Nxc4+ {[%emt 0:00:01]} Ke6 {[%emt 0:00:44]} 42. Rb3 {[%emt 0:00:06]} Rc8 {[%emt 0:01:42]} 43. Nb2 {[%emt 0:00:55]} Nd6 {[%emt 0:00:16]} 44. Na4 {[%emt 0:00:11]} Ne4 {[%emt 0:02:02]} 45. Rb5 {[%emt 0:02:42]} Nexc3 {[%emt 0:00:46]} 46. Nc5+ {[%emt 0:00:08]} Kd6 {[%emt 0:00:50]} 47. Rxa5 {[%emt 0:00:07]} Ne2+ {[%emt 0:01:04]} 48. Kg2 {[%emt 0:00:10]} Nxd4 {[%emt 0:00:21]} 49. Ne4+ {[%emt 0:00:44]} Ke6 {[%emt 0:00:45]} 50. Nc5+ {[%emt 0:00:09] [#]} Ke7 $1 {[%emt 0:00:39]} 51. Ne4 {[%emt 0:00:18]} Rd8 {[%emt 0:00:47]} 52. Nc5 {[%emt 0:00:34]} Nc6 {[%emt 0:00:52]} 53. Ra6 {[%emt 0:00:23]} Ndb4 {[%emt 0:00:21]} 54. Ra3 {[%emt 0:00:52]} Rd5 {[%emt 0:00:17]} 55. Ne4 {[%emt 0:00:41]} f5 {[%emt 0:00:31]} 56. Ng5 {[%emt 0:00:11]} h6 {[%emt 0:00:11]} 57. Nh3 {[%emt 0:00:04]} Kf6 {[%emt 0:00:47]} 58. Rc3 {[%emt 0:00:13]} Rd3 {[%emt 0:00:56]} 59. Rc4 {[%emt 0:00:28]} g5 {[%emt 0:00:29]} 60. hxg5+ {[%emt 0:00:14]} hxg5 {[%emt 0:00:01]} 61. Ng1 {[%emt 0:00:11]} Ra3 {[%emt 0:00:32]} 62. g4 {[%emt 0:00:25]} f4 {[%emt 0:00:51]} 63. Nh3 {[%emt 0:00:33]} f3+ {[%emt 0:01:01]} 64. Kg3 {[%emt 0:00:07]} Rxa2 {[%emt 0:00:16]} 65. Rc5 {[%emt 0:00:19]} Ne5 {[%emt 0:00:50]} 66. Nxg5 {[%emt 0:00:13]} Nbd3 {[%emt 0:00:32]} 67. Ne4+ {[%emt 0:00:08]} Ke6 {[%emt 0:00:18]} 68. Rb5 {[%emt 0:00:10]} Re2 {[%emt 0:00:37]} 69. Ng5+ {[%emt 0:00:12]} Kf6 $11 {[%emt 0:00:23]} 70. Nxf3 {[%emt 0:00:09]} Nxf3 {[%emt 0:00:38]} 71. Kxf3 {[%emt 0:00:10]} Rxf2+ {[%emt 0:00:12]} 72. Ke3 {[%emt 0:00:05]} Rg2 73. Ke4 {Ke5+} 1/2-1/2

[Event "17th Caspian Cup-Masters 2019"]
[Site "Anzali"]
[Date "2019.02.17"]
[Round "7.12"]
[White "Rostami, Hossein"]
[Black "Rastbod, Ali"]
[Result "1/2-1/2"]
[WhiteElo "1908"]
[BlackElo "2260"]
[Annotator "NA RC"]
[PlyCount "77"]
[EventDate "2019.02.12"]
[EventType "swiss"]
[EventRounds "9"]
[EventCountry "IRI"]
[SourceTitle "playchess.com"]
[Source "ChessBase"]
[SourceQuality "1"]
[TimeControl "5400+30"]

1. e4 {[%emt 0:00:00]} Nc6 {[%emt 0:00:00]} 2. Nf3 {[%emt 0:00:36]} g6 {[%emt 0:00:00]} 3. d4 {[%emt 0:01:10]} Bg7 {[%emt 0:00:00]} 4. d5 {[%emt 0:02:59]} Nb8 {[%emt 0:00:00]} 5. c4 {[%emt 0:01:12]} d6 {[%emt 0:00:05]} 6. Nc3 {[%emt 0:01:08] B00: Queen's Fianchetto Defence, Nimzowitsch Defence} Nf6 {[%emt 0:00:10]} 7. Bd3 {[%emt 0:04:23]} O-O {[%emt 0:00:36]} 8. h3 {[%emt 0:02:11]} e5 {[%emt 0:03:08]} (8... c6 9. O-O e6 10. Bg5 h6 11. Bh4 cxd5 12. cxd5 exd5 13. exd5 Qa5 14. Qd2 Nxd5 15. Nxd5 Qxd5 {½-½ (58) Akobian,V (2640)-Grigoryan,K (2571) chess.com INT 2018}) 9. Be3 {[%emt 0:05:03]} Nh5 {[%emt 0:06:41]} 10. Qd2 $146 {[%emt 0:06:36]} ({Predecessor:} 10. g4 Nf4 11. Bxf4 exf4 12. Qd2 g5 13. O-O-O h6 14. Be2 Nd7 15. Nd4 Ne5 {½-½ (43) Bistrikova,E (2189)-Gaprindashvili,N (2043) St Petersburg 2007}) 10... f5 {[%emt 0:08:45] [#]} 11. Bg5 {[%emt 0:00:04]} ({Better is} 11. exf5 $1 $16 Bxf5 12. Bxf5 gxf5 13. g4) 11... Qe8 {[%emt 0:01:42]} 12. Bh6 {[%emt 0:07:15]} fxe4 {[%emt 0:06:47]} 13. Bxe4 {[%emt 0:04:37]} Nf4 {[%emt 0:02:23]} 14. Bxg7 {[%emt 0:02:36]} Kxg7 {[%emt 0:00:03]} 15. O-O-O {[%emt 0:05:57]} Qe7 {[%emt 0:05:58]} 16. Ne1 {[%emt 0:07:20]} a6 {[%emt 0:01:03]} 17. Nd3 {[%emt 0:03:45]} Nd7 {[%emt 0:01:39]} 18. Nxf4 {[%emt 0:05:49]} exf4 {[%emt 0:00:29]} 19. Rhe1 {[%emt 0:01:37]} Ne5 {[%emt 0:00:15]} 20. Qd4 {[%emt 0:01:50]} Bd7 {[%emt 0:01:23]} 21. Kb1 {[%emt 0:02:01]} Rab8 {[%emt 0:03:48]} 22. Bc2 {[%emt 0:02:10]} b6 {[%emt 0:03:44]} 23. Re4 {[%emt 0:01:41]} Qf6 {[%emt 0:00:42]} 24. f3 {[%emt 0:02:42]} b5 {[%emt 0:06:21]} 25. c5 {[%emt 0:06:15]} b4 {[%emt 0:01:57]} (25... Bf5 $11) 26. Ne2 {[%emt 0:01:07]} g5 {[%emt 0:00:34]} 27. cxd6 {[%emt 0:01:22]} cxd6 {[%emt 0:01:37]} 28. Qa7 {[%emt 0:00:31]} Ra8 {[%emt 0:12:30]} 29. Qb7 {[%emt 0:04:48]} Rfb8 {[%emt 0:01:10]} 30. Qc7 {[%emt 0:00:07]} Rc8 {[%emt 0:00:07]} 31. Qb7 {[%emt 0:00:19]} Rab8 {[%emt 0:00:11]} 32. Qa7 {[%emt 0:00:07]} b3 {[%emt 0:08:00]} 33. axb3 {[%emt 0:05:41]} Qe7 {[%emt 0:00:14]} 34. Nd4 {[%emt 0:00:52]} Kf6 {[%emt 0:03:00]} 35. h4 {[%emt 0:02:24]} h6 {[%emt 0:00:00]} 36. hxg5+ {[%emt 0:01:18]} hxg5 {[%emt 0:00:16] [#]} 37. g3 $2 {[%emt 0:01:41]} (37. Rxe5 $1 {[%mdl 512]} dxe5 38. Qxa6+ Be6 39. Nxe6) 37... Ra8 {[%emt 0:01:23]} (37... Be8 {keeps fighting.} 38. Qxe7+ (38. Qxa6 Ra8 $11) 38... Kxe7 39. gxf4 gxf4 40. Rxf4 Bf7) 38. Qb7 {[%emt 0:00:51]} Rcb8 {[%emt 0:06:58]} 39. Rh1 1/2-1/2

[Event "17th Caspian Cup-Masters 2019"]
[Site "Anzali"]
[Date "2019.02.17"]
[Round "7.13"]
[White "Sadeh, Shahin"]
[Black "Tavoosi Rad, Ramtin"]
[Result "0-1"]
[WhiteElo "2242"]
[BlackElo "2173"]
[Annotator "TA"]
[PlyCount "64"]
[EventDate "2019.02.12"]
[EventType "swiss"]
[EventRounds "9"]
[EventCountry "IRI"]
[SourceTitle "playchess.com"]
[Source "ChessBase"]
[SourceQuality "1"]

{[%evp 14,64,27,31,54,8,30,13,22,0,0,0,0,0,2,-1,0,-20,-12,-21,-28,-27,-26,-43,-31,-49,-26,-91,-26,-102,-99,-121,-113,-107,-117,-166,-158,-159,-161,-228,-214,-307,-304,-633,-633,-29986,-29987,-29987,-29988,-29988,-29989,-29989,-29990]} 1. Nf3 g6 2. d4 Bg7 3. e4 d6 4. Nc3 Nf6 5. h3 c6 6. Be3 O-O 7. Qd2 b5 8. Bd3 {LiveBook: 163 Games} a5 {B08: Pirc Defence: Classical System} 9. Rd1 $146 ({Predecessor:} 9. O-O b4 10. Ne2 Ba6 11. Rfe1 Nbd7 12. Ng3 Nb6 13. Bh6 Nc4 14. Qg5 Nxb2 15. Bxa6 Rxa6 16. e5 {1-0 (41) Jussupow,A (2583)-Ajrapetjan,Y (2420) Warsaw 2007}) 9... Qc7 10. Bh6 e5 {The position is equal.} 11. dxe5 dxe5 12. Ne2 Nbd7 {[%cal Bb8d7,Bd7c5,Bc5e6,Be6g5][%mdl 32]} 13. Ng3 Nc5 14. Bxg7 Kxg7 15. Qg5 Re8 16. Nh4 Ng8 17. O-O Ne6 18. Qd2 Nf6 19. Ne2 Nh5 20. g3 (20. Rfe1 $11 {remains equal.}) 20... f6 ({Better is} 20... h6 $17 {White must now prevent ...Ng5.} 21. Nf3 b4) 21. a4 (21. Kg2 $11) 21... Ng5 22. axb5 Bxh3 23. Rfe1 cxb5 24. Bxb5 Red8 $36 {[%mdl 2048] Black is in control.} 25. Qe3 Qxc2 26. Rxd8 (26. Nc3 $142) 26... Rxd8 $19 27. Qa7+ {[#]} (27. Nc3 $142) 27... Kh6 $1 28. Qxa5 $2 (28. Qe3) 28... Rd1 {Hoping for ...Qb1.} 29. Rxd1 Qxd1+ {Black mates.} 30. Kh2 Qf1 31. Qa3 Qxf2+ 32. Kh1 Nxe4 {Precision: White = 25%, Black = 62%.} 0-1

[Event "17th Caspian Cup-Masters 2019"]
[Site "Anzali"]
[Date "2019.02.18"]
[Round "8.1"]
[White "Malakhatko, Vadim"]
[Black "Mosadeghpour, Masoud"]
[Result "1/2-1/2"]
[WhiteElo "2525"]
[BlackElo "2531"]
[Annotator "TA"]
[PlyCount "76"]
[EventDate "2019.02.12"]
[EventType "swiss"]
[EventRounds "9"]
[EventCountry "IRI"]
[SourceTitle "playchess.com"]
[Source "ChessBase"]
[SourceQuality "1"]

{[%evp 13,76,0,0,-5,-12,-26,-13,-13,0,16,0,0,0,-18,0,0,89,34,36,28,25,25,12,12,57,76,76,52,64,2,4,0,0,0,0,0,0,0,0,0,0,0,0,-8,0,-39,-1,-6,0,0,0,0,0,0,0,0,0,0,0,0,0,0,0,0,0]} 1. c4 Nf6 2. Nc3 d5 3. cxd5 Nxd5 4. g3 e5 5. Bg2 Nb6 6. d3 Be7 7. Be3 {A22: English Opening: 1...e5 2 Nc3 Nf6} (7. Nh3 Nc6 8. f4 h5 9. Be3 Bxh3 10. Bxh3 Nd5 11. Nxd5 Qxd5 12. O-O Bc5 13. Qd2 Bb6 14. Bg2 Qe6 15. Bxb6 axb6 16. fxe5 Qxe5 {1-0 (38) Navara,D (2740)-Sadzikowski,D (2558) Czech Republic 2019}) 7... Nc6 {LiveBook: 8 Games} 8. a4 $146 ({Predecessor:} 8. Bxc6+ bxc6 9. Nf3 f6 10. d4 exd4 11. Nxd4 c5 12. Nb3 Qxd1+ 13. Rxd1 c4 14. Nd4 Bd7 {½-½ (66) Rambaldi,F (2560)-Saduakassova,D (2407) Doha 2015}) 8... Be6 9. a5 Nd5 10. a6 O-O 11. axb7 Rb8 12. Nf3 Rxb7 13. Bc1 Nd4 {next ...Nxc3 is good for Black.} 14. O-O Nb3 (14... Nxf3+ $11 15. Bxf3 c6) 15. Ra6 (15. Nxe5 $16 Bf6 16. Nc6) 15... Nc5 $14 16. Rxe6 fxe6 17. Nxe5 {[#] Black must now prevent Nxd5.} Bf6 18. Nc4 Bxc3 19. bxc3 Qf6 20. Bd2 {Threatens to win with d4.} Rb3 21. Qa1 (21. Qc2 $1 $14 Rfb8 22. Qa2) 21... Nxc3 $11 22. Bxc3 Rxc3 23. Qxa7 Nb3 24. Qe3 Nd4 25. Ne5 Rd8 26. Nf3 c5 27. Nxd4 cxd4 28. Qe4 Qf5 29. Qb7 (29. Qh4 $5 {[%cal Rh4d8]} Qf6 30. Qe4 $15) 29... Rdc8 30. Be4 {The position is equal.} Qh5 31. Qd7 Qe5 32. Kg2 R3c7 33. Qa4 g6 34. Rb1 Qf6 35. Bf3 e5 36. Rb5 Rf8 37. Qb3+ Kg7 38. Qd5 Re7 {Precision: White = 65%, Black = 61%.} 1/2-1/2

[Event "17th Caspian Cup-Masters 2019"]
[Site "Anzali"]
[Date "2019.02.18"]
[Round "8.2"]
[White "Grigoryan, Karen H."]
[Black "Bernadskiy, Vitaliy"]
[Result "1/2-1/2"]
[WhiteElo "2590"]
[BlackElo "2570"]
[Annotator "TA"]
[PlyCount "64"]
[EventDate "2019.02.12"]
[EventType "swiss"]
[EventRounds "9"]
[EventCountry "IRI"]
[SourceTitle "playchess.com"]
[Source "ChessBase"]
[SourceQuality "1"]

{[%evp 19,64,13,31,15,34,28,27,33,29,40,47,52,60,41,52,29,44,29,31,32,17,29,20,35,25,25,28,16,12,-32,-24,-36,-41,-45,0,-41,0,0,0,0,0,0,0,0,0,0,0]} 1. e4 e5 2. Nf3 Nf6 3. Nc3 Bb4 4. Nxe5 O-O 5. Nd3 Bxc3 6. dxc3 Nxe4 7. Be2 d6 8. O-O Re8 9. Nf4 Nd7 10. c4 Ndf6 11. Bf3 {C42: Petroff Defence: 3 Nxe5 and unusual White 3rd moves} (11. Re1 b6 12. f3 Nc5 13. b3 Qe7 14. Qd2 Qe5 15. Rb1 Bb7 16. Bb2 Qg5 17. Rbd1 h6 18. Nd5 Nxd5 19. cxd5 Qxd2 20. Rxd2 {½-½ (29) Svidler,P (2746)-Gashimov,V (2679) Dagomys 2008}) 11... Ng5 $146 ({Predecessor:} 11... Bf5 12. b3 c6 13. Bb2 Qc7 14. g3 Qa5 15. Nd3 Bh3 16. Re1 Qf5 17. Nf4 Ng5 18. Rxe8+ Rxe8 {1-0 (40) Szabo,Z (2355)-Balazs,I (2180) Szekszard 1997}) 12. b3 c6 13. Bb2 {White has an edge.} Bf5 14. Rc1 Be4 15. Bg4 h6 16. h3 Bh7 17. h4 Nge4 18. Bh3 Qa5 19. a4 Rad8 20. Re1 d5 21. cxd5 Nxd5 22. Nxd5 Rxd5 23. Qg4 {[%csl Gb2][%cal Rg4g7] [#]} Bg6 24. Re2 Rd2 25. Rxd2 Qxd2 26. Qf3 Nf6 27. Rf1 Re1 28. Rxe1 {The position is equal.} Qxe1+ 29. Kh2 Ne4 30. h5 Nd2 31. Qc3 {[%csl Gb2][%cal Rc3g7] [#]} Nf1+ 32. Kg1 {[%csl Gb2][%cal Rc3g7]} Nd2+ {Accuracy: White = 52%, Black = 73%.} 1/2-1/2

[Event "17th Caspian Cup-Masters 2019"]
[Site "Anzali"]
[Date "2019.02.18"]
[Round "8.3"]
[White "Mirzoev, Azer"]
[Black "Torkamannejad, Javad"]
[Result "1-0"]
[WhiteElo "2483"]
[BlackElo "2143"]
[Annotator "TA"]
[PlyCount "64"]
[EventDate "2019.02.12"]
[EventType "swiss"]
[EventRounds "9"]
[EventCountry "IRI"]
[SourceTitle "playchess.com"]
[Source "ChessBase"]
[SourceQuality "1"]

{[%evp 20,64,30,15,47,15,16,18,35,9,43,0,0,0,0,0,10,10,13,10,31,31,33,32,31,33,33,34,33,27,38,14,20,8,18,0,4,0,0,0,0,0,0,0,0,0,16]} 1. d4 Nf6 2. c4 e6 3. Nc3 Bb4 4. Qc2 O-O 5. a3 Bxc3+ 6. Qxc3 d5 7. Bg5 dxc4 {E36: Nimzo-Indian: Classical: 4...d5 5 a3} 8. Qxc4 b6 9. Rd1 Ba6 10. Qa4 Qd7 (10... h6 11. Bh4 Qe7 12. Nf3 Rd8 13. e3 Bxf1 14. Rxf1 c5 15. dxc5 Rxd1+ 16. Qxd1 {½-½ (23) Vitiugov,N (2709)-Giri,A (2780) Shenzhen 2018}) 11. Qc2 {LiveBook: 22 Games} c5 12. Bxf6 gxf6 13. dxc5 Qc7 14. Nf3 $146 ({Predecessor:} 14. h4 Nd7 15. Rh3 Nxc5 {½-½ (33) Girya,O (2484)-Gunina,V (2510) St Petersburg 2017}) 14... bxc5 15. g3 Qa5+ 16. Qd2 Nc6 17. e3 $1 {[#] aiming for Qxa5.} Bxf1 (17... Bb7 {seems wilder.} 18. Be2 Rad8 19. Qxa5 Nxa5 20. Rxd8 Rxd8 21. O-O Be4) 18. Kxf1 Rfd8 19. Qxa5 Rxd1+ (19... Nxa5 {feels hotter.} 20. Rc1 c4 21. Rc2 Rab8 22. g4 Rd5) 20. Ke2 Nxa5 21. Kxd1 $14 {[%mdl 4096] Endgame KRN-KRN} Rb8 22. Kc2 Nc4 23. Rb1 Kf8 24. Nd2 Nd6 25. Rd1 Ke7 {The position is equal.} 26. Nb3 Rc8 27. Nc1 f5 28. Ne2 Ne4 29. f3 Nd6 30. Nc3 Nc4 31. Re1 Rd8 32. Re2 Rc8 {[%mdl 32768] Precision: White = 53%, Black = 62%. . Loss on Time!?} 1-0

[Event "17th Caspian Cup-Masters 2019"]
[Site "Anzali"]
[Date "2019.02.18"]
[Round "8.4"]
[White "Naderi, M.sadegh"]
[Black "Mikaelyan, Arman"]
[Result "0-1"]
[WhiteElo "2242"]
[BlackElo "2465"]
[Annotator "TA"]
[PlyCount "53"]
[EventDate "2019.02.12"]
[EventType "swiss"]
[EventRounds "9"]
[EventCountry "IRI"]
[SourceTitle "playchess.com"]
[Source "ChessBase"]
[SourceQuality "1"]

{[%evp 9,53,3,21,20,69,-5,-8,-49,-41,-56,-41,-59,-50,-70,-73,-81,-78,-108,-116,-116,-122,-116,-111,-105,-112,-111,-118,-185,-199,-177,-205,-243,-222,-268,-197,-197,-152,-177,-159,-257,-190,-216,-207,-371,-386,-390]} 1. d4 Nf6 2. c4 g6 3. Nc3 Bg7 4. e4 O-O 5. f4 c5 6. d5 {E70: King's Indian: Miscellaneous lines with 4 e4, including 5 Nge2 and 5 Bd3 0-0 6 Nge2} e6 (6... d6 7. Nf3 e6 8. Be2 exd5 9. cxd5 Bg4 10. O-O Nbd7 11. h3 Bxf3 12. Bxf3 Re8 13. g4 h6 14. h4 h5 15. g5 Ng4 16. Bxg4 hxg4 17. Qxg4 Bd4+ 18. Kh2 Bxc3 19. bxc3 Rxe4 20. Bd2 Qe7 21. Rae1 {½-½ (40) Ding,L (2714)-Rapport,R (2693) Biel 2013}) 7. d6 (7. e5 $14) 7... Nc6 $11 8. e5 {The position is equal.} Ne8 $1 9. Nf3 f6 10. exf6 $146 ({Predecessor:} 10. Qe2 fxe5 11. fxe5 Rxf3 12. Qxf3 Bxe5 13. Bd3 Nxd6 {0-1 (37) Kuempers,U (2091)-Kropp,A (2066) Dortmund 2010}) 10... Nxf6 11. Be2 b6 12. O-O Bb7 13. Be3 Ng4 14. Bd2 Nd4 {[#] White must now prevent ...Nxf3+.} 15. h3 Nh6 16. Nxd4 Bxd4+ 17. Kh2 Nf5 18. Nb5 (18. Bf3 $17 Qc8 19. Qe2) 18... Bxb2 $19 19. Rb1 Bg7 ({Much less strong is} 19... Qh4 20. Bf3 $17) 20. g4 Nd4 $40 {[%mdl 128] Black has strong attack.} 21. Be3 {[%cal Rb5d4]} Nxe2 22. Qxe2 Bc6 23. a4 Qf6 24. Qd2 (24. Bd2 $17) 24... Kh8 25. Nc7 Rab8 ({But not} 25... Bxa4 26. Nxa8 Rxa8 27. Qe2 $17) 26. a5 $2 {[#]} (26. Nb5 {keeps fighting.}) 26... bxa5 27. Bxc5 {Accuracy: White = 39%, Black = 76%.} 0-1

[Event "17th Caspian Cup-Masters 2019"]
[Site "Anzali"]
[Date "2019.02.18"]
[Round "8.5"]
[White "Gholami Orimi, Mahdi"]
[Black "Daghli, Arash"]
[Result "1-0"]
[WhiteElo "2375"]
[BlackElo "2354"]
[Annotator "TA"]
[PlyCount "131"]
[EventDate "2019.02.12"]
[EventType "swiss"]
[EventRounds "9"]
[EventCountry "IRI"]
[SourceTitle "playchess.com"]
[Source "ChessBase"]
[SourceQuality "1"]

{[%evp 11,131,0,5,15,24,16,28,12,30,14,16,5,39,47,52,50,54,47,55,53,60,57,63,43,56,49,52,43,47,20,45,36,35,35,45,28,45,35,45,45,45,0,0,0,20,20,24,0,43,0,0,-47,0,0,0,0,0,0,0,0,0,0,0,-26,-24,-53,-42,-81,0,-25,0,0,0,-8,-8,-98,100,80,275,254,248,83,103,123,461,462,435,407,400,237,235,19,19,19,25,34,1092,1166,720,650,10819,10001,5691,2386,29957,12841,5089,1206,1206,1157,1008,576,29967,29970,29974,29975,29973,29975,29970,29968,29968,29968]} 1. d4 f5 2. g3 Nf6 3. Bg2 g6 4. c3 Bg7 5. Qb3 d5 6. Nh3 e6 {LiveBook: 3 Games. A81: Dutch Defence: 2 g3} (6... c6 7. Nd2 Qb6 8. Nf4 Ne4 9. f3 Nxd2 10. Bxd2 Qxb3 11. axb3 e5 12. dxe5 Bxe5 13. e4 dxe4 14. fxe4 O-O 15. O-O Na6 16. exf5 Bxf5 17. Bxc6 bxc6 18. Rxa6 {1-0 (47) Kryakvin,D (2554)-Potapov,A (2402) Sochi 2016}) 7. Nf4 Qe7 8. Nd2 Nbd7 {The position is equal.} 9. Nf3 Ne4 10. c4 $146 ({Predecessor:} 10. Nd3 c5 11. Qd1 c4 12. Nde5 Nxe5 13. Nxe5 O-O 14. Be3 {½-½ (31) Rapport,J (2341)-Mammadova,G (2209) Fermo 2009}) 10... c6 11. h4 Bf6 12. Nd3 Nd6 13. cxd5 exd5 14. Bg5 (14. Qc2 {seems wilder.} O-O 15. Bh6 Re8 16. e3 a5 17. O-O) 14... Nf7 {[%cal Rf6g5]} 15. Bxf6 Qxf6 16. Qc3 a5 17. Qd2 O-O 18. Rc1 Re8 19. b3 b6 20. Ng5 Ba6 (20... Qxd4 $2 21. Rxc6 a4 22. Nb4 $18) 21. Nxf7 Kxf7 22. Nf4 Rac8 23. Bf3 Qd6 24. Kf1 Nf6 25. Kg2 Kg7 26. Nd3 Ne4 27. Qd1 c5 28. Nf4 c4 29. bxc4 Bxc4 30. Bxe4 fxe4 31. Qd2 h6 32. h5 g5 33. Ng6 Qa3 34. Rc2 e3 35. Qc1 $1 {[%cal Rc1a3]} Qxc1 36. Rhxc1 exf2 37. Kxf2 Re4 $36 {[%mdl 2048] Black has good play.} 38. e3 b5 39. a3 Rc6 ({Better is} 39... Rce8 $17 40. Re1 b4) 40. Re1 b4 41. axb4 axb4 42. Ne5 Rc8 43. Kg1 (43. g4 $11 {remains equal.}) 43... Kf6 $2 {[#]} (43... b3 $1 $17 {[%cal Rb3c2] stays on course.} 44. Rf2 Rc7) 44. Rb1 $1 $16 {[%cal Rb1b4]} Ke6 $2 (44... Kg7 $16 {was worth a try.}) 45. Rxb4 $18 Rxe3 {[#]} 46. Kf2 $2 ({And not} 46. Nxc4 dxc4 47. Kf2 Rd3 $11) (46. g4 $1 $18 {and the rest is easy.}) 46... Re4 47. Rb6+ Ke7 $2 {[%mdl 8192]} (47... Kf5 $16 {is a better chance.}) 48. Rxh6 Rf8+ 49. Kg2 Rf6 50. Rxf6 (50. Rh7+ $142 Kd6 51. Nf7+ (51. Nxc4+ dxc4 52. Rxc4 g4 $18) 51... Kd7 52. h6) 50... Kxf6 51. Nxc4 $2 (51. Rf2+ $18 Kg7 52. g4) 51... dxc4 $11 52. Rxc4 $18 {[%mdl 4096] Endgame KR-KR} g4 $1 53. Kf2 {And now h6 would win.} Kg5 $2 {[%mdl 8192]} (53... Kg7 $14) 54. Rc5+ Kh6 55. Rd5 Re6 56. Re5 Rf6+ 57. Ke2 Rf3 58. Re3 (58. d5 $142 Rf7 59. d6 Rd7 60. Rd5 Kg7 61. Ke3 Kf7 62. Ke4 Ke8 63. Kf5) 58... Rf6 59. Kd3 (59. d5 $142 Kxh5 60. Kd3) 59... Kxh5 60. d5 {[%cal Bd4d5,Bd5d6][%mdl 32]} Kg6 61. Kd4 {Hoping for Re6.} ({Stronger than} 61. Re6 Rxe6 62. dxe6 Kf6 $11) 61... Rf1 62. d6 {White mates.} Kf6 63. Kd5 Rd1+ 64. Kc6 Rc1+ 65. Kd7 Ra1 66. Kc8 {Precision: White = 50%, Black = 32%.} 1-0